书目信息 |
| 题名: |
红灯区的“国王”
|
|
| 作者: | 威德尔 , Wedel , 埃彭多夫 , Eppendorfer 著 ;黄明嘉 著 | |
| 分册: | ||
| 出版信息: | 桂林 漓江出版社 2000.01 |
|
| 页数: | 321页 | |
| 开本: | 20cm | |
| 丛书名: | 欧美畅销书丛 | |
| 单 册: | ||
| 中图分类: | I516.45 | |
| 科图分类: | ||
| 主题词: | 长篇小说--德国--现代 | |
| 电子资源: | ||
| ISBN: | 7-5407-2467-6 | |
| 000 | 00914nam2 2200289 45 | |
| 001 | 012003015709 | |
| 005 | 20041206153234.52 | |
| 010 | @a7-5407-2467-6@dCNY 16.00 | |
| 100 | @a20030801d2000 em y0chiy0121 ea | |
| 101 | 1 | @achi@cger |
| 102 | @aCN@b450000 | |
| 105 | @af z 000ay | |
| 200 | 1 | @a红灯区的“国王”@Ahong deng qu de guo wang@f(德)威德尔(Dieter Wedel),(德)埃彭多夫(Hans Eppendorfer)著@g黄明嘉著 |
| 210 | @a桂林@c漓江出版社@d2000.01 | |
| 215 | @a321页@c彩照@d20cm | |
| 225 | 2 | @a欧美畅销书丛 |
| 410 | 0 | @12001 @a欧美畅销书丛 |
| 510 | 1 | @aDer Konig von St.Pauli@zger |
| 606 | 0 | @a长篇小说@y德国@z现代 |
| 690 | @aI516.45@v4 | |
| 701 | 1 | @a威德尔@Awei de er@bD.@4著 |
| 701 | A1 | @aWedel@bDieter@4著 |
| 701 | 1 | @a埃彭多夫@Aai peng duo fu@bH.@4著 |
| 701 | A1 | @aEppendorfer@bHans@4著 |
| 702 | 0 | @a黄明嘉@Ahuang ming jia@4著 |
| 801 | 0 | @aCN@bQSSK1@c20041206 |
| 905 | @a10447@dI516.45@eW496 | |
| 红灯区的“国王”/(德)威德尔(Dieter Wedel),(德)埃彭多夫(Hans Eppendorfer)著/黄明嘉著.-桂林:漓江出版社,2000.01 |
| 321页:彩照;20cm.-(欧美畅销书丛) |
| ISBN 7-5407-2467-6:CNY 16.00 |
| ● |
| 相关链接 |
|
|
|
正题名:红灯区的"国王"
索取号:I516.45/W496
 
预约/预借
| 序号 | 登录号 | 条形码 | 馆藏地/架位号 | 状态 | 备注 |
| 1 | 430525 | 204305251 | 社科二线422/422社科库 31排1列4层/ [索取号:I516.45/W496] | 在馆 | |
| 2 | 430526 | 204305260 | 社科二线422/422社科库 31排1列4层/ [索取号:I516.45/W496] | 在馆 | |
| 3 | 430527 | 204305279 | 文学库116/116文学库 18排1列2层/ [索取号:I516.45/W496] | 在馆 |